Score 0/16 Timer 02:30
0 Plays Today
Question Answer Wrong Answers
Died on 8th December 1980 John Lennon
91.2%
Paul McCartney
2.6%
Formed the band Wings Paul McCartney
90%
John Lennon
3.5%
Knighted for services to music Paul McCartney
88.5%
John Lennon
5.2%
Short-sighted John Lennon
80.4%
Paul McCartney
13.4%
Wrote the music and most of the lyrics for Eleanor Rigby Paul McCartney
77.1%
John Lennon
16.9%
Brought up by his Aunt Mimi and her husband John Lennon
76.6%
Paul McCartney
16.8%
Elder of the two John Lennon
75.5%
Paul McCartney
17.9%
Middle name on his birth certificate is Winston John Lennon
75.5%
Paul McCartney
18.3%
Wrote the music and almost all the lyrics for Lucy in the Sky with Diamonds John Lennon
75.2%
Paul McCartney
18.6%
Left-handed Paul McCartney
72.2%
John Lennon
21.6%
Became and remained a vegetarian Paul McCartney
68.8%
John Lennon
24.8%
Married to Cynthia Powell in the 1960s John Lennon
67.6%
Paul McCartney
26.1%
First name on his birth certificate is James Paul McCartney
64.3%
John Lennon
29.5%
Met George Harrison at school at age 12 Paul McCartney
63.8%
John Lennon
30.2%
Attended Liverpool College of Art John Lennon
63.5%
Paul McCartney
29.8%
Filed suit that led to The Beatles dissolution in 1970 Paul McCartney
43.4%
John Lennon
50.3%

Today's Daily Dose

Missing Word
'D' in Video Games

Word Ladder
Lent Begins

Get the Picture
Antz or A Bug's Life?

You're not logged in!

Compare scores with friends on all Sporcle quizzes.
OR
Log In

Sporcle TV

Today on Sporcle TV


Watch our educational content, quiz creation guides, and fun videos on Sporcle TV.

Show Comments

Extras

Top Quizzes Today


Score Distribution

Paid Content

Your Account Isn't Verified!

In order to create a playlist on Sporcle, you need to verify the email address you used during registration. Go to your Sporcle Settings to finish the process.

Report this User

Report this user for behavior that violates our Community Guidelines.

Details: